Global Communications: (Record no. 7474)
[ view plain ]
| 000 -LEADER | |
|---|---|
| fixed length control field | 00530nam a22001577a 4500 |
| 020 ## - INTERNATIONAL STANDARD BOOK NUMBER | |
| ISBN | 1902221001 |
| 050 ## - CALL NUMBER | |
| Classification number | P90 |
| Item number | .C77 |
| 110 ## - AUTHOR | |
| CORPORATE AUTHOR | Hanson Cooke Limited |
| 245 ## - TITLE | |
| Title | Global Communications: |
| Remainder of title | Africa 1998 / |
| 260 ## - PUBLICATION INFORMATION | |
| Place of publication | London: - |
| -- | Jordan House, 47 Brunswick Place |
| Name of publisher | Hanson Cooke Limited |
| Year of publication | 1998 |
| 300 ## - DESCRIPTION | |
| Number of Pages | v, 426pages |
| Other physical details | illustration |
| 500 ## - NOTES | |
| General note | Includes index |
| 505 ## - FORMATTED CONTENTS NOTE | |
| Table of Content | 1. South Africa--<br/>2. Development--<br/>3. Technology--<br/>4. Country Profile-- |
| 650 ## - SUBJECTS | |
| Topical Term | Global Communication: |
| General subdivision | telecommunication / |
| 942 ## - ADDED ENTRY ELEMENTS (KOHA) | |
| Koha item type | Books |
| Withdrawn status | Lost status | Home library | Current library | Shelving location | Date acquired | Full call number | Accession Number | Koha item type |
|---|---|---|---|---|---|---|---|---|
| Methodist University Library Main | Methodist University Library Main | General Stacks | 13/12/1999 | P90 .C77 | 17443 | Books |